Office 2007: all- in-one desk reference for dummies. / (Record no. 7440)

MARC details
000 -LEADER
fixed length control field 02337nam a22002657a 4500
003 - CONTROL NUMBER IDENTIFIER
control field OSt
005 - DATE AND TIME OF LATEST TRANSACTION
control field 20220316111233.0
008 - FIXED-LENGTH DATA ELEMENTS--GENERAL INFORMATION
fixed length control field 140604b xxu||||| |||| 00| 0 eng d
020 ## - INTERNATIONAL STANDARD BOOK NUMBER
International Standard Book Number 9780471782797
040 ## - CATALOGING SOURCE
Transcribing agency LC
050 ## - LIBRARY OF CONGRESS CALL NUMBER
Classification number HF5548.4.M525 W54
100 ## - MAIN ENTRY--PERSONAL NAME
Personal name Weverka, Peter
245 ## - TITLE STATEMENT
Title Office 2007: all- in-one desk reference for dummies. /
Statement of responsibility, etc. Peter Weverka
260 ## - PUBLICATION, DISTRIBUTION, ETC.
Place of publication, distribution, etc. Hoboken, NJ:
Name of publisher, distributor, etc. Wiley,
Date of publication, distribution, etc. 2007.
300 ## - PHYSICAL DESCRIPTION
Extent xxx, 782 p. :
Other physical details ill:
440 ## - SERIES STATEMENT/ADDED ENTRY--TITLE
Title For Dummies: best selling book series for beginners
500 ## - GENERAL NOTE
General note Includes index
505 ## - FORMATTED CONTENTS NOTE
Formatted contents note Contents: Common office tools: Office nuts and bolts -- Wrestling with the text -- Speed techniques worth knowing about -- Taking advantage of the proofing tools -- Creating a table -- Creating a chart -- Making a SmartArt diagram -- Drawing and manipulating lines, shapes, and other objects Word 2007: -- Speed techniques for using Word -- Laying out text and pages -- Word styles -- Desktop publishing with Word -- Getting Word's help with Office chores -- Tools for reports and scholarly papers Outlook 2007: -- Getting acquainted with Outlook -- Maintaining the contacts folder -- Handling your email -- managing your time and schedule -- Tasks, reminders, and notes -- PowerPoint 2007: -- Getting started in PowerPoint -- Fashioning a look for your presentation -- Entering the text -- Making your presentation livelier -- Delivering a presentation -- Excel 2007: -- Up and running with Excel -- Refining your worksheet -- Formulas and functions for crunching numbers -- Access 2007 -- Introducing Access -- Building your database tables -- Entering data -- Sorting, querying, and filtering for data -- Presenting data in a report -- Publisher 2007 -- Introducing Publisher -- Refining a publication -- Putting on the finishing touches -- Office 2007: one step beyond -- Customizing an Office program -- Ways of distributing your work -- Handling graphics -- Decorating files with Clip Art -- Note taking with OneNote -- Collaborating with SharePoint Services -- Automating tasks with macros -- Linking and embedding in compound files
650 ## - SUBJECT ADDED ENTRY--TOPICAL TERM
Topical term or geographic name entry element Microsoft Office.
650 ## - SUBJECT ADDED ENTRY--TOPICAL TERM
Topical term or geographic name entry element Microsoft Word.
650 ## - SUBJECT ADDED ENTRY--TOPICAL TERM
Topical term or geographic name entry element Microsoft Excel (Computer file)
650 ## - SUBJECT ADDED ENTRY--TOPICAL TERM
Topical term or geographic name entry element Microsoft Access.
650 ## - SUBJECT ADDED ENTRY--TOPICAL TERM
Topical term or geographic name entry element Microsoft PowerPoint (Computer file)
942 ## - ADDED ENTRY ELEMENTS (KOHA)
Source of classification or shelving scheme Library of Congress Classification
Koha item type Books
Holdings
Withdrawn status Lost status Source of classification or shelving scheme Damaged status Not for loan Home library Current library Shelving location Date acquired Source of acquisition Full call number Barcode Date last seen Price effective from Koha item type
    Library of Congress Classification     WISCONSIN INTERNATIONAL UNIVERSITY COLLEGE, GHANA KUMASI LIBRARY WISCONSIN INTERNATIONAL UNIVERSITY COLLEGE, GHANA KUMASI LIBRARY General Stacks 15/11/2019 STM HF5548.4.M525.W54 K/2410/2410/19 06/07/2020 06/07/2020 Books

If you have any concerns or questions; kindly contact the library


© Powered by WIUC ICT DIRECTORATE